000 00751nam a2200241 i 4500
003 DO-SdBNP
005 20250218104215.0
007 ta
008 240321s2023 dr 001 0dspa d
020 _a9789945931761
040 _aDO-SdBNP
_bspa
_cBNPHU
_erda
082 4 _bM385e
_222
100 1 _aMartínez, Cristian
_eautor
_91853
245 1 0 _aEllas las huellas de nuestras éximias mujeres /
_cCristian Martínez Villanueva (CRISMAR)
264 _aSanto Domingo :
_bOcéano Azul Ediciones,
_c2023.
300 _a209 páginas :
_bilustraciones
_c22 cm.
336 _2rdacontent
_atexto
_btxt
337 _2rdamedia
_asin mediación
_bn
338 _2rdacarrier
_avolumen
_bnc
590 _aInventariado, 2024/ DG
910 _aDG
942 _2ddc
_cLBS1
999 _c56166
_d56166